| 000 | 00606nam a2200205 a 4500 | ||
|---|---|---|---|
| 001 | 12509 | ||
| 003 | CO-ViMGA | ||
| 008 | 141112s2004 ck r 000 u spa d | ||
| 020 | _a8485945050 | ||
| 040 |
_aCO-ViMGA _bspa _cCO-ViMGA |
||
| 082 | 0 | 4 | _a371.73 A76e |
| 110 |
_aAsociación de Licenciados en Educación Física de la Universidad Católica de Lovaina _918019 |
||
| 245 | 1 | 0 | _aEducación fisica de Base |
| 260 |
_aMadrid : _bGymnos, _c1987 |
||
| 300 | _a137p. : il. 3V. | ||
| 490 | _aDosier pedagógico | ||
| 650 | 1 | 4 | _aeducación FISICA |
| 650 | 1 | 4 |
_aESTUDIO Y ENSEÑANZA _918020 |
| 942 |
_2ddc _cBK |
||
| 999 |
_c23505 _d23505 |
||